Tình huống tâm lý học

Uloženo v:
Podrobná bibliografie
Hlavní autor: Nguyễn Kim Quý
Médium: Kniha
Jazyk:Undetermined
Vydáno: H. Lao Động 2003
Témata:
Tagy: Přidat tag
Žádné tagy, Buďte první, kdo otaguje tento záznam!
Thư viện lưu trữ: Trung tâm Học liệu Trường Đại học Cần Thơ
LEADER 00527nam a2200181Ia 4500
001 CTU_53629
008 210402s9999 xx 000 0 und d
020 |b 24000 
082 |a 153.9 
082 |b Qu600 
100 |a Nguyễn Kim Quý 
245 0 |a Tình huống tâm lý học 
245 0 |c Nguyễn Kim Quý và Nguyễn Xuân Thức 
260 |a H. 
260 |b Lao Động 
260 |c 2003 
650 |a intelligent tests,smart structures 
980 |a Trung tâm Học liệu Trường Đại học Cần Thơ